000 01009nam2a2200277 4500
001 RU\NLR\BIBL_A\022037234
005 20250128194045.0
010 _a978-5-295-07763-0
_99000
021 _aRU
_bКН-П-22-091384
_9КН-П-22-8128
035 _a(NLR Aleph) 022037234
090 _a13317501
_c13317501
100 _a20230928d2022 m y0rusy50 ca
101 0 _abak
_aara
102 _aRU
105 _aa z 000 y
181 0 _ai
_baxxe
182 0 _an
200 0 _a2023
_f[төҙ. Ф. М. Бикташева һ. б.]
203 _aТекст
_bвизуальный
_cнепосредственный
210 _d2022
215 _a381,[1] б.
_cфот.
461 0 _1001RU\NLR\ONL2\1642
_12001#$aБашҡортса дини календарь$f[төҙ. С.Суҡбаев h. б.]$v2023
_910268232
_cӨфө
_d1999 -
_f[төҙ. С.Суҡбаев h. б.]
_nКитап
_tБашҡортса дини календарь
_v2023
852 _aNLR
_bОНЛ
_jБашк./3-4444
942 _cBOOK
980 _aNB